|
|
|
|
| LEADER |
00000nab a2200000 a 4500 |
| 001 |
vtls008422692 |
| 003 |
SK-MaSNL |
| 005 |
20260305025722.0 |
| 008 |
060109c2005 xo r p 000 00slo |
| 015 |
|
|
|a SNBRB2006/01SVKPO
|
| 038 |
|
|
|a SVKPOCL
|
| 040 |
|
|
|a SVKPOCL
|b slo
|c SVKPO
|d SNK
|e AARC2
|
| 041 |
0 |
|
|a slo
|
| 044 |
|
|
|a xo
|c SK
|
| 080 |
|
|
|a 626/628-051
|2 UDC-MRF-SK2
|
| 080 |
|
|
|a 929 Kožuch, Valentín
|2 UDC-MRF-SK2
|
| 100 |
1 |
|
|a Kundrát, Vladimír
|4 aut
|9 31620
|
| 245 |
1 |
0 |
|a K 60. narodeninám Ing. Valentína Kožucha
|c Vladimír Kundrát
|
| 300 |
|
|
|a Fotogr.
|
| 600 |
1 |
7 |
|a Kožuch, Valentín
|d 1945-
|2 SNKPHMA
|9 1606182
|
| 651 |
|
7 |
|a Trebišov (Slovensko : okres)
|2 SNKPH
|9 56230
|
| 651 |
|
7 |
|a Košice (Slovensko)
|2 SNKPH
|9 18694
|
| 651 |
|
7 |
|a Kravany (Trebišov, Slovensko)
|2 SNKPH
|9 163451
|
| 773 |
0 |
|
|t Vodohospodársky spravodajca
|g Roč. XLVIII, č. 11-12 (2005), s. 45
|x 0322-886X
|
| 852 |
|
|
|a SVKPO
|b KIS3GCP
|
| 958 |
|
|
|a BX
|
| 999 |
|
|
|c 3307166
|d 3309096
|